| 000 | 00708nam a22001935i 4500 | ||
|---|---|---|---|
| 001 | 166074 | ||
| 003 | ES-MaACL | ||
| 005 | 20250826005519.0 | ||
| 008 | 010605q19001940sp |||| | spa d | ||
| 040 |
_aCCPB | B _bspa _cCCPB | B |
||
| 100 | 1 |
_aTasín, Nicolás. _9109361 |
|
| 245 | 1 | 3 |
_aLa dictadura del proletariado _b: segun Marx, Engels, Kautsky Bernstein, Axelrod, Lenin, Trotzky y Baüer / _cpor N. Tasin. |
| 260 |
_aMadrid : _bBilbioteca Nueva, _c[s.a.] |
||
| 300 |
_a240 p. ; _c16 cm. |
||
| 596 | _aPosiblemente impreso en los primeros cuarenta años del siglo XX. | ||
| 650 | 7 |
_aMovimiento obrero _2embne _915207 |
|
| 852 |
_aES-MaACL _jF-10088 _z-- Rúst. |
||
| 999 |
_c166074 _d166074 |
||